| 000 | 00436nam a22001217a 4500 | ||
|---|---|---|---|
| 008 | 230605b xxu||||| |||| 00| 0 eng d | ||
| 020 | _a9966734104 | ||
| 082 |
_a327.172 _bAMA |
||
| 245 |
_aParliamentarians Organisation For Sustainable Peace In The Great Lakes Region _cGreat Lakes Parliamentary Forum on Peace AMANI Forum |
||
| 260 |
_aNairobi _bGreat Lakes Parliamentary Forum on Peace AMANI Forum _c2008 |
||
| 300 | _a75 | ||
| 942 |
_2ddc _cBK |
||
| 999 |
_c447 _d447 |
||